000
00202 a2200109 4500
020
_a
9788424170639
041
_a
spa
100
_a
Canetti Yanitzia
245
_a
Ceniciento
942
_c
BK
952
_7
1
999
_c
25624
_d
25624